<?xml version="1.0" encoding="UTF-8"?>
<record
    xmlns:xsi="http://www.w3.org/2001/XMLSchema-instance"
    xsi:schemaLocation="http://www.loc.gov/MARC21/slim http://www.loc.gov/standards/marcxml/schema/MARC21slim.xsd"
    xmlns="http://www.loc.gov/MARC21/slim">

  <leader>03211cam a22004454i 4500</leader>
  <controlfield tag="003">PE-LiUPU</controlfield>
  <controlfield tag="005">20250731165421.0</controlfield>
  <controlfield tag="008">160104s2015    pe a   grm    000 0 spa d</controlfield>
  <datafield tag="035" ind1=" " ind2=" ">
    <subfield code="a">(Sirsi) a155620</subfield>
  </datafield>
  <datafield tag="040" ind1=" " ind2=" ">
    <subfield code="a">PE-LiUPU</subfield>
    <subfield code="b">spa</subfield>
    <subfield code="c">PE-LiUPU</subfield>
    <subfield code="e">rda</subfield>
  </datafield>
  <datafield tag="099" ind1=" " ind2=" ">
    <subfield code="a">TE 2</subfield>
    <subfield code="b">A65 2015</subfield>
  </datafield>
  <datafield tag="100" ind1="1" ind2=" ">
    <subfield code="a">Aranda Turpo, Evelyn Esther</subfield>
    <subfield code="e">autor</subfield>
  </datafield>
  <datafield tag="245" ind1="1" ind2=" ">
    <subfield code="a">Efecto de la aplicaci&#xF3;n del programa "jugando y cantando en matem&#xE1;tica voy avanzando" para el logro de resoluci&#xF3;n de problemas con estructura editiva en estudiantes del segundo grado de la I.E. Jaime White-Puerto Maldonado /</subfield>
    <subfield code="c">Evelyn Esther Aranda Turpo.</subfield>
  </datafield>
  <datafield tag="264" ind1=" " ind2="0">
    <subfield code="c">2015.</subfield>
  </datafield>
  <datafield tag="300" ind1=" " ind2=" ">
    <subfield code="a">203 hojas : </subfield>
    <subfield code="b">ilustraciones;</subfield>
    <subfield code="c">30 cm</subfield>
  </datafield>
  <datafield tag="336" ind1=" " ind2=" ">
    <subfield code="a">text</subfield>
    <subfield code="2">rdacontent</subfield>
  </datafield>
  <datafield tag="337" ind1=" " ind2=" ">
    <subfield code="a">unmediated</subfield>
    <subfield code="2">rdamedia</subfield>
  </datafield>
  <datafield tag="338" ind1=" " ind2=" ">
    <subfield code="a">volume</subfield>
    <subfield code="2">rdacarrier</subfield>
  </datafield>
  <datafield tag="502" ind1=" " ind2=" ">
    <subfield code="a">Tesis</subfield>
    <subfield code="b">(Lic.) -- </subfield>
    <subfield code="c">Universidad Peruana Uni&#xF3;n,</subfield>
    <subfield code="d">2015.</subfield>
  </datafield>
  <datafield tag="504" ind1=" " ind2=" ">
    <subfield code="a">Incluye referencias</subfield>
  </datafield>
  <datafield tag="520" ind1="3" ind2=" ">
    <subfield code="a">El prop&#xF3;sito de la investigaci&#xF3;n fue determinr el efecto de la aplicaci&#xF3;n del programa "jugando y cantando en matem&#xE1;tica voy avanzando" para el logro de resoluci&#xF3;n de problemas de estructura aditiva en los estudiantes del segundo grado de primaria de la I.E. Jaime White-Puerto Maldonado, a trav&#xE9;s de actividades sustentadas bajo el enfoque de resoluci&#xF3;n de problemas propuests por (Polya, 1989) y estrategias de ense&#xF1;anza de las matem&#xE1;ticas. El tipo de investigaci&#xF3;n fue b&#xE1;sica, con un enfoque cuantitativo, de dise&#xF1;o pre experimental, cuya muestra comprende un total de 22 estudiantes entre ni&#xF1;os y ni&#xF1;as, sus edades oscilan entre los 6,7 y 8 a&#xF1;os de edad. Para el desarrollo del estudio se elabor&#xF3; un instrumento que fue validado por expertos, para medir su nivel de confiabioidad se recurri&#xF3; a la medida de consistencia interna de Alfa de Crobach que report&#xF3; ,956 puntos y seg&#xFA;n la escala de valoraci&#xF3;n se aproxima a ser "Elevadal". La t&#xE9;cnica utilizada pra la recolecci&#xF3;n de datos es la observaci&#xF3;n y los instrumentos utilizados para el Pre test y Pos test, consistieron en una prueba de resoluci&#xF3;n de problema de estructura aditiva dosificadas en una guia de observaci&#xF3;n, la cual fue administrada antes, durante y despu&#xE9;s del desarrollo del programa. Consta de 26 &#xED;tems, est&#xE1; dividido en cuatro dimensiones: Comprensi&#xF3;n del problema; Elaboraci&#xF3;n de un plan de soluci&#xF3;n; Ejecuci&#xF3;n del plan; Reflexi&#xF3;n del resultado obtenido. Para el an&#xE1;lisis estad&#xED;stico se realiz&#xF3; la prueba de hip&#xF3;tesis con el estudigrafo no param&#xE9;trico: Prueba de Test de los rangos signados de Wilcoxon. Como conclusi&#xF3;n se pudo comprobar que es importante que en el dise&#xF1;o de las actividades propuestas en el programa tuvieron efecto significativo.</subfield>
  </datafield>
  <datafield tag="526" ind1=" " ind2=" ">
    <subfield code="a">SEG44</subfield>
  </datafield>
  <datafield tag="526" ind1=" " ind2=" ">
    <subfield code="a">SEG26</subfield>
  </datafield>
  <datafield tag="526" ind1=" " ind2=" ">
    <subfield code="a">P151</subfield>
  </datafield>
  <datafield tag="526" ind1=" " ind2=" ">
    <subfield code="a">P150</subfield>
  </datafield>
  <datafield tag="526" ind1=" " ind2=" ">
    <subfield code="a">P149</subfield>
  </datafield>
  <datafield tag="526" ind1=" " ind2=" ">
    <subfield code="a">P146</subfield>
  </datafield>
  <datafield tag="526" ind1=" " ind2=" ">
    <subfield code="a">P145</subfield>
  </datafield>
  <datafield tag="526" ind1=" " ind2=" ">
    <subfield code="a">P126</subfield>
  </datafield>
  <datafield tag="526" ind1=" " ind2=" ">
    <subfield code="a">P125</subfield>
  </datafield>
  <datafield tag="526" ind1=" " ind2=" ">
    <subfield code="a">P92</subfield>
  </datafield>
  <datafield tag="526" ind1=" " ind2=" ">
    <subfield code="a">P75</subfield>
  </datafield>
  <datafield tag="526" ind1=" " ind2=" ">
    <subfield code="a">P74</subfield>
  </datafield>
  <datafield tag="526" ind1=" " ind2=" ">
    <subfield code="a">P27</subfield>
  </datafield>
  <datafield tag="526" ind1=" " ind2=" ">
    <subfield code="a">P15</subfield>
  </datafield>
  <datafield tag="650" ind1="0" ind2="4">
    <subfield code="a">Ense&#xF1;anza</subfield>
    <subfield code="x">Estudiantes de primaria.</subfield>
  </datafield>
  <datafield tag="596" ind1=" " ind2=" ">
    <subfield code="a">1</subfield>
  </datafield>
  <datafield tag="942" ind1=" " ind2=" ">
    <subfield code="2">ddc</subfield>
    <subfield code="c">TESIS</subfield>
  </datafield>
  <datafield tag="999" ind1=" " ind2=" ">
    <subfield code="a">TE 2 A65 2015</subfield>
    <subfield code="w">ALPHANUM</subfield>
    <subfield code="c">8297</subfield>
    <subfield code="i">T01859</subfield>
    <subfield code="l">CCODEBUL3</subfield>
    <subfield code="m">BUL</subfield>
    <subfield code="r">1</subfield>
    <subfield code="s">Y</subfield>
    <subfield code="t">TESIS</subfield>
    <subfield code="u">2016-1-4</subfield>
    <subfield code="x">EDUCACION</subfield>
    <subfield code="P">P20</subfield>
    <subfield code="o">.STAFF. Tesis</subfield>
    <subfield code="d">8297</subfield>
  </datafield>
  <datafield tag="980" ind1=" " ind2=" ">
    <subfield code="8">1</subfield>
    <subfield code="g">ALBERTO SANCHEZ Responsable de Automatizaci&#xF3;n</subfield>
  </datafield>
  <datafield tag="952" ind1=" " ind2=" ">
    <subfield code="r">2022-07-06 00:00:00</subfield>
    <subfield code="l">0</subfield>
    <subfield code="o">TE 2 A65 2015</subfield>
    <subfield code="p">T01859</subfield>
    <subfield code="t">e1</subfield>
    <subfield code="w">2016-01-04</subfield>
    <subfield code="x">FACIHED</subfield>
    <subfield code="y">TESIS</subfield>
    <subfield code="z">Este &#xCD;tem NO se presta por ser Ejemplar #1.</subfield>
    <subfield code="1">0</subfield>
    <subfield code="2">ddc</subfield>
    <subfield code="7">1</subfield>
    <subfield code="8">TESIS</subfield>
    <subfield code="f">P20</subfield>
    <subfield code="a">BUL</subfield>
    <subfield code="b">BUL</subfield>
    <subfield code="c">TESIS</subfield>
    <subfield code="d">2016-01-04</subfield>
  </datafield>
</record>
